[Event "FIDE Chesscom Grand Swiss 2019"]
[Site "Douglas-Isle of Man"]
[Date "2019.10.17"]
[Round "7.10"]
[White "Jumabayev, Rinat"]
[Black "Gelfand, Boris"]
[Result "1/2-1/2"]
[WhiteElo "2630"]
[BlackElo "2686"]
[Annotator "TA"]
[PlyCount "162"]
[EventDate "2019.10.10"]
[EventType "swiss"]
[EventCountry "GBR"]
[SourceTitle "playchess.com"]
[Source "ChessBase"]
[SourceQuality "1"]

{[%evp 14,162,38,45,61,61,64,59,56,56,52,58,66,62,67,54,26,10,43,0,0,0,16,6,33,0,12,-14,-14,-30,0,-25,6,-97,67,63,129,134,137,129,464,401,395,419,384,200,242,219,227,216,209,179,222,212,203,160,150,159,162,157,154,154,161,89,89,0,136,0,81,81,86,91,100,94,109,61,70,47,47,47,54,8,8,8,8,8,8,8,18,18,18,18,20,27,28,0,0,0,40,18,23,26,22,0,8,0,28,22,22,19,69,68,66,19,19,16,20,17,20,20,20,20,20,20,21,21,21,20,21,8,8,8,8,8,8,0,8,8,8,8,8,0,8,0,8,0,0,0,0,0,0]} 1. d4 Nf6 2. c4 e6 3. g3 d5 4. Nf3 dxc4 5. Bg2 a6 6. O-O Nc6 7. e3 Rb8 8. Nfd2 e5 {E04: Open Catalan: 5 Nf3} 9. Bxc6+ $1 bxc6 10. dxe5 Ng4 {White is slightly better.} 11. Nxc4 Be6 {And now ...Qxd1 would win.} 12. Nbd2 (12. Qe2 h5 13. Rd1 Qc8 14. Qf3 Rb6 15. Nxb6 cxb6 16. h4 Nxe5 {½-½ (41) Grischuk,A (2759)-Ding,L (2811) Khanty-Mansiysk 2019}) 12... Bb4 13. Qc2 h5 14. b3 h4 15. Nf3 $1 {[#]} f5 $146 ({Predecessor:} 15... hxg3 16. fxg3 {0-1 (23) Kim,Y (2360)-Matsenko,S (2533) Sturbridge 2018}) 16. e4 ({Inferior is} 16. gxh4 Nxh2 17. Nxh2 (17. Kxh2 $2 Rxh4+ 18. Nxh4 Qxh4+ 19. Kg2 Qg4+ 20. Kh1 Qf3+ 21. Kg1 Bd5 $19) 17... Qxh4 $17) 16... hxg3 17. hxg3 fxe4 $1 18. Qxe4 {aiming for Qg6+.} Qd7 19. Qg6+ Kf8 20. Nh4 Kg8 {Threatening ...Bxc4.} 21. Be3 Rb5 (21... Bxc4 $5 22. Rfd1 Bd5 23. Rxd5 cxd5 $15) 22. Bf4 Be7 23. Bg5 (23. Rad1 $11 {keeps the balance.} Rd5 24. Rxd5 Bxd5 25. e6 Bxe6 26. Re1) 23... Bf7 $2 (23... Nxe5 $17 24. Nxe5 Rxe5) 24. e6 $1 $36 {[%mdl 2048] White has good play.} Bxg6 (24... Bxe6 $14 25. Rfe1 Bf6 26. Bxf6 Nxf6) 25. exd7 $16 Rxg5 {[#]} 26. Rae1 $1 {[%cal Re1e7]} Bf6 $2 {[%mdl 8192]} (26... Kf7 $16 {is more resistant.}) 27. Re8+ Kh7 28. Nxg6 Rxg6 29. Rd1 (29. f4 $142) 29... Rg5 {intending ...Rd5.} 30. Rxh8+ Kxh8 31. d8=Q+ Bxd8 32. Rxd8+ $18 {[%mdl 4096] Endgame KRN-KRN} Kh7 33. Ra8 Rf5 34. Rxa6 Nxf2 35. Rxc6 Ne4 36. g4 Rf4 37. Ne3 Rf3 38. Nf5 (38. Nd5 $18) 38... Rf4 $16 39. Ne3 Rf3 40. Nf5 (40. Nd5 $142) 40... Rf4 41. Rxc7 Rxg4+ 42. Kh2 Rf4 {[#]} 43. Ng3 $1 Nf6 44. Ra7 Rf2+ 45. Kg1 Rb2 46. Nf5 Kg6 47. Nd4 Kg5 48. a4 ({But not} 48. Rxg7+ $6 Kf4 $16) 48... Kf4 $1 49. Rxg7 {White wants to play Rf7.} Ke4 50. Ne6 {With the idea Rb7.} Ke5 51. Nc5 Kd4 52. Rg5 Nd5 $1 53. Ne6+ Ke4 54. Nc5+ Kd4 55. Ne6+ Ke4 56. a5 Rb1+ 57. Kf2 {Black must now prevent a6.} Rb2+ 58. Kg1 {a6 is the strong threat.} Rb1+ 59. Kf2 {Strongly threatening a6.} Rb2+ 60. Ke1 Ne3 $1 61. a6 {Hoping for Ra5.} Kf3 {[%csl Gf3][%cal Rb2e2]} 62. Nd4+ Ke4 63. Rg8 Ra2 {The position is equal.} 64. Ne6 {Threatens to win with Nc5+.} Kd5 65. Rg6 Nc2+ 66. Kd1 Nb4 $1 67. Nc7+ Kc5 68. Rh6 Nd3 69. Rf6 Nb4 70. Rg6 Nd3 71. Rh6 Nf2+ 72. Ke1 Nd3+ 73. Kf1 Nb4 74. Kg1 Ra3 75. Kf2 Nc6 76. Ne6+ Kb5 77. Nc7+ Kc5 78. Ne6+ Kb5 79. Ke2 Rxb3 80. a7 Rb2+ 81. Kd3 Nxa7 {Accuracy: White = 47%, Black = 60%.} 1/2-1/2

[Event "FIDE Chesscom Grand Swiss 2019"]
[Site "Douglas-Isle of Man"]
[Date "2019.10.15"]
[Round "7.10"]
[White "Lu, Shanglei"]
[Black "Oparin, Grigoriy"]
[Result "1/2-1/2"]
[WhiteElo "2602"]
[BlackElo "2654"]
[Annotator "RC"]
[PlyCount "106"]
[EventDate "2019.10.10"]
[EventType "swiss"]
[EventCountry "GBR"]
[SourceTitle "playchess.com"]
[Source "ChessBase"]
[SourceQuality "1"]
[TimeControl "40/6000+30:20/3000+30:900+30"]

1. e4 {[%emt 0:00:00]} e5 {[%emt 0:00:00]} 2. Nf3 {[%emt 0:00:00]} Nc6 {[%emt 0:00:00]} 3. Bc4 {[%emt 0:00:15]} Nf6 {[%emt 0:00:00]} 4. d3 {[%emt 0:01:39]} h6 {[%emt 0:00:00]} 5. O-O {[%emt 0:00:59]} d6 {[%emt 0:00:03]} 6. a4 {[%emt 0:00:06]} g6 {[%emt 0:02:58]} 7. a5 {[%emt 0:03:01]} Bg7 {[%emt 0:02:59]} 8. Nc3 {[%emt 0:00:43]} O-O {[%emt 0:01:42]} 9. h3 {[%emt 0:01:05]} Rb8 {[%emt 0:03:09]} 10. Be3 {[%emt 0:18:27]} b6 {[%emt 0:01:47]} 11. axb6 {[%emt 0:02:59]} axb6 {[%emt 0:01:01]} 12. d4 {[%emt 0:02:37]} exd4 {[%emt 0:02:18]} 13. Nxd4 {[%emt 0:01:00]} Bb7 {[%emt 0:05:24]} 14. Nxc6 {[%emt 0:10:08]} Bxc6 {[%emt 0:00:06]} 15. Bd5 {[%emt 0:00:03]} Bxd5 {[%emt 0:10:58]} 16. exd5 {[%emt 0:02:47]} b5 {[%emt 0:00:13]} 17. Qd3 {[%emt 0:04:54]} b4 {[%emt 0:25:04]} 18. Nb5 {[%emt 0:00:18]} Nd7 {[%emt 0:09:26]} 19. Nd4 {[%emt 0:10:08]} Qh4 {[%emt 0:02:22]} 20. Ra7 {[%emt 0:02:49]} Nc5 {[%emt 0:11:22]} 21. Qd2 {[%emt 0:02:26]} Rbc8 {[%emt 0:05:05]} 22. Qxb4 {[%emt 0:03:18]} Rb8 {[%emt 0:01:48]} 23. Qc3 {[%emt 0:12:05]} Qe4 {[%emt 0:08:10]} 24. b4 {[%emt 0:02:15]} Qxd5 {[%emt 0:00:04]} 25. Ra5 {[%emt 0:00:10]} Ne4 {[%emt 0:03:51]} 26. Qxc7 {[%emt 0:01:35]} Rb7 {[%emt 0:00:43]} 27. Qc6 {[%emt 0:05:54]} Qxc6 {[%emt 0:00:03]} 28. Nxc6 {[%emt 0:00:04]} Nc3 {[%emt 0:01:18]} 29. Ra7 {[%emt 0:12:07]} Rxa7 {[%emt 0:00:35]} 30. Bxa7 {[%emt 0:00:05]} Re8 {[%emt 0:01:32]} 31. Be3 {[%emt 0:02:58]} Re4 {[%emt 0:04:37]} 32. Bd2 {[%emt 0:01:38]} Nb5 {[%emt 0:00:39]} 33. Rc1 {[%emt 0:03:08]} d5 {[%emt 0:03:48]} 34. Re1 {[%emt 0:01:54]} Rc4 {[%emt 0:00:36]} 35. Ne7+ {[%emt 0:00:09]} Kh7 {[%emt 0:00:04]} 36. Nxd5 {[%emt 0:00:05]} Rxc2 {[%emt 0:00:04]} 37. Be3 {[%emt 0:00:37]} Rb2 {[%emt 0:02:32]} 38. Bc5 {[%emt 0:00:49]} Nc3 {[%emt 0:01:46]} 39. Nxc3 {[%emt 0:03:22]} Bxc3 {[%emt 0:00:02]} 40. Re4 {[%emt 0:00:07]} g5 {[%emt 0:01:11]} 41. g3 {[%emt 0:08:36]} h5 {[%emt 0:08:19]} 42. Kg2 {[%emt 0:01:09]} Kg6 {[%emt 0:02:24]} 43. Kf3 {[%emt 0:01:07]} f5 {[%emt 0:06:27]} 44. Re6+ {[%emt 0:07:23]} Kf7 {[%emt 0:00:05]} 45. Rb6 {[%emt 0:00:09]} Rb3 {[%emt 0:02:56]} 46. Rb7+ {[%emt 0:09:37]} Kg6 {[%emt 0:00:56]} 47. Ke2 {[%emt 0:04:48]} h4 {[%emt 0:01:32]} 48. gxh4 {[%emt 0:02:00]} gxh4 {[%emt 0:00:03]} 49. f4 {[%emt 0:01:48]} Bf6 {[%emt 0:03:01]} 50. Be3 {[%emt 0:10:57]} Rb2+ {[%emt 0:00:06]} 51. Kd3 {[%emt 0:00:04]} Rb3+ {[%emt 0:00:49]} 52. Ke2 {[%emt 0:00:57]} Rb2+ {[%emt 0:00:04]} 53. Kd3 {[%emt 0:03:01]} Rb3+ {[%emt 0:00:06]} 1/2-1/2

[Event "FIDE Chesscom Grand Swiss 2019"]
[Site "Douglas-Isle of Man"]
[Date "2019.10.17"]
[Round "7.11"]
[White "McShane, Luke J"]
[Black "Kovalev, Vladislav"]
[Result "1/2-1/2"]
[WhiteElo "2682"]
[BlackElo "2661"]
[Annotator "TA"]
[PlyCount "86"]
[EventDate "2019.10.10"]
[EventType "swiss"]
[EventCountry "GBR"]
[SourceTitle "playchess.com"]
[Source "ChessBase"]
[SourceQuality "1"]

{[%evp 21,86,5,5,0,0,0,0,0,0,-5,-11,-50,-20,-22,0,0,0,-15,-14,-16,0,0,0,-46,0,0,0,0,37,0,14,0,0,0,0,0,0,0,0,0,0,0,0,0,0,0,0,0,0,0,0,0,0,0,0,-8,-8,-16,0,0,0,0,0,0,0,0,0]} 1. c4 Nf6 2. g3 e6 3. Bg2 d5 4. Nf3 Be7 5. O-O O-O 6. b3 b6 7. Bb2 Bb7 8. e3 c5 9. Nc3 dxc4 10. bxc4 Nc6 11. Qe2 Qc7 12. Rac1 {A14: English Opening: 1...e6 with b3 by White} a6 13. Rfd1 Na5 14. d3 Rfd8 15. h3 $146 ({Predecessor:} 15. Ng5 Bxg2 16. Kxg2 Qb7+ 17. Qf3 Qxf3+ 18. Nxf3 Nc6 19. Kf1 {0-1 (61) Kvon,A (2492)-Sargissian,G (2693) Istanbul 2012}) 15... Rab8 16. g4 Ne8 17. a4 Bc6 18. Ne1 Bf6 19. Ra1 Rd7 20. f4 Bxg2 21. Kxg2 Nc6 22. g5 Be7 (22... Bxc3 $5 23. Bxc3 e5 $11) 23. Nf3 Nd6 24. h4 Qb7 25. Rab1 Rbd8 {The position is equal.} 26. Kf2 Nf5 27. Rd2 Nb4 {[%cal Rb4d3]} 28. Rbd1 f6 29. Ne4 {[%cal Rg5f6]} Nxd3+ 30. Rxd3 Rxd3 {[#]} 31. Nxf6+ $1 {[%mdl 512]} Bxf6 (31... gxf6 32. Rxd3) 32. Rxd3 Qe4 $1 33. Rxd8+ Bxd8 34. Be5 Be7 35. h5 Kf8 36. Qd2 Qxc4 37. Qd7 $1 {[%cal Rd7c8] Threatens to win with Qc8+.} Qa2+ 38. Kg1 {And now Qc8+ would win.} Qd5 39. Qc8+ $1 {[%mdl 64] [#] Double Attack} Qd8 40. Qxe6 Qd1+ 41. Kf2 Qc2+ 42. Kg1 {Hoping for Qc8+.} Qd1+ 43. Kf2 Qc2+ {Accuracy: White = 65%, Black = 70%.} 1/2-1/2

[Event "FIDE Chesscom Grand Swiss 2019"]
[Site "Douglas-Isle of Man"]
[Date "2019.10.15"]
[Round "7.11"]
[White "Sevian, Samuel"]
[Black "Safarli, Eltaj"]
[Result "1/2-1/2"]
[WhiteElo "2654"]
[BlackElo "2593"]
[Annotator "TA"]
[PlyCount "114"]
[EventDate "2019.10.10"]
[EventType "swiss"]
[EventCountry "GBR"]
[SourceTitle "playchess.com"]
[Source "ChessBase"]
[SourceQuality "1"]

{[%evp 12,114,50,0,0,0,14,0,5,0,0,0,-1,1,4,0,0,0,0,0,0,0,6,11,15,10,29,7,16,11,12,7,7,11,19,0,17,7,29,22,25,22,22,13,8,0,20,27,46,53,44,0,74,37,37,37,40,45,55,59,68,72,70,67,69,41,42,39,41,0,0,0,0,0,0,0,0,0,0,0,384,0,0,0,0,0,0,0,0,0,0,0,0,0,0,0,0,0,3,4,7,8,8,8,8]} 1. e4 e5 2. Nf3 Nc6 3. Bb5 Nd4 4. Nxd4 exd4 5. O-O Bc5 6. Bc4 d6 7. c3 (7. d3 {keeps more tension.} c6 8. a4 Nf6 9. Bg5 h6 10. Bh4) 7... c6 {C61: Ruy Lopez: Bird's Defence} 8. b4 Bb6 $1 9. Qb3 Qe7 $146 ({Predecessor:} 9... Qf6 10. Bb2 Nh6 11. Na3 O-O 12. Rae1 Ng4 13. cxd4 Bxd4 14. Bxd4 Qxd4 15. Qc3 Qxc3 16. dxc3 {0-1 (41) Schmittdiel,E (2430)-Tukmakov,V (2575) Dortmund 1987}) 10. cxd4 Bxd4 11. Bb2 Bxb2 12. Qxb2 Nf6 13. d3 O-O 14. Nd2 {[%cal Bb1d2,Bd2f3,Bf3d4][%mdl 32]} d5 15. exd5 cxd5 16. Bb5 Bd7 17. Rfe1 Qd6 18. Bxd7 Qxd7 19. Nf3 Rfe8 20. h3 h6 21. Nd4 Rxe1+ 22. Rxe1 Re8 23. Rc1 Rc8 24. Rc5 Re8 {[#] aiming for ...Re1+.} 25. Qc3 Qa4 {Threatens to win with ...Qd1+.} 26. Qd2 Qd7 27. Qf4 Qa4 28. Qd2 Qd7 29. a3 Qd6 30. Qc3 Qe5 31. Rc7 Re7 (31... Nh5 $11 {keeps the balance.}) 32. Nb5 {Strongly threatening Qxe5.} (32. Rxe7 {with more complications.} Qxe7 33. Nf5 Qe2 34. g4 Kh7 35. Kg2) 32... Qxc3 33. Rxc3 $14 {[%mdl 4096] Endgame KRN-KRN} a6 34. Nd6 Rd7 35. Nf5 h5 36. Rc8+ Kh7 37. Nd4 Ng8 38. a4 Ne7 39. Rb8 Kg6 40. b5 axb5 $1 41. axb5 Nf5 42. Nb3 Rc7 43. b6 Rc3 44. Na5 Rxd3 45. Rxb7 {[#] Hoping for Rd7.} Rd1+ 46. Kh2 {Rc7 is the strong threat.} Rb1 {The position is equal.} 47. Nc6 {White wants to play g4.} Kf6 48. g4 hxg4 49. hxg4 Nd6 50. Rd7 Ke6 51. Re7+ Kf6 52. Rd7 Ke6 53. Re7+ Kf6 54. g5+ Kxg5 55. Rd7 Rxb6 56. Rxd6 Kf4 57. Kg2 Ra6 {Accuracy: White = 62%, Black = 78%.} 1/2-1/2

[Event "FIDE Chesscom Grand Swiss 2019"]
[Site "Douglas-Isle of Man"]
[Date "2019.10.17"]
[Round "7.12"]
[White "Artemiev, Vladislav"]
[Black "Hovhannisyan, Robert"]
[Result "1/2-1/2"]
[WhiteElo "2746"]
[BlackElo "2639"]
[Annotator "TA"]
[PlyCount "103"]
[EventDate "2019.10.10"]
[EventType "swiss"]
[EventCountry "GBR"]
[SourceTitle "playchess.com"]
[Source "ChessBase"]
[SourceQuality "1"]

{[%evp 11,103,17,16,14,17,0,0,0,0,10,22,0,0,-9,-4,-17,-26,-25,-32,-19,0,-15,-12,-15,-10,-25,-29,-32,-33,-37,-6,-10,-2,-24,-24,-47,0,-25,0,-13,-17,-10,-6,-38,27,15,33,11,20,-6,0,-36,-41,-28,-18,-41,-41,-41,-17,-41,-41,-62,-59,-53,-41,-93,-41,-93,-93,-93,-93,-134,-134,-134,-121,-143,-95,-102,-102,-101,0,0,0,0,0,0,0,0,0,0,0,0,0,0]} 1. d4 d5 2. Bf4 c5 3. e3 Nc6 4. c3 Nf6 5. Nd2 Bg4 6. Ngf3 e6 7. Qb3 {D02: 1 d4 d5 2 Nf3 sidelines, including 2...Nf6 3 g3 and 2...Nf6 3 Bf4} (7. Qa4 Nd7 8. Ne5 Ndxe5 9. Bxe5 cxd4 10. Bb5 dxe3 11. Bxc6+ bxc6 12. Qxc6+ Ke7 13. fxe3 f6 14. O-O Kf7 {½-½ (36) Sjugirov,S (2667)-Sakaev,K (2584) Yaroslavl 2019}) 7... Qc8 8. Bb5 Nd7 9. O-O a6 10. Be2 $146 ({Predecessor:} 10. Bxc6 Qxc6 11. Ne5 Nxe5 12. Bxe5 Be2 13. Rfe1 c4 14. Qc2 Bd3 {0-1 (40) Santner,J (1894)-Checa,N (2506) Schaumburg 2019}) 10... Be7 11. Qd1 O-O 12. a4 Qd8 13. Qb1 Bf5 14. Bd3 Bxd3 15. Qxd3 c4 16. Qc2 f5 {White must now prevent ...g5.} 17. h3 g5 18. Bg3 h5 19. Kh1 Rf7 20. b3 g4 {Strongly threatening ...cxb3.} 21. Ng1 cxb3 22. Qxb3 Na5 23. Qd1 Nf6 24. Ne2 Bd6 25. Bh4 Qf8 26. f3 Qh6 27. Nf4 (27. e4 $5 Nd7 28. e5 $11) 27... Kh8 (27... Ne8 $15) 28. Qe1 Rg8 29. Rb1 Nd7 30. Nd3 Rfg7 31. f4 Be7 (31... Qg6 {feels hotter.} 32. Bg5 Rc8 33. h4 Kg8 34. Rf2 Rc6) 32. Bxe7 Rxe7 33. h4 Rc8 $36 {[%mdl 2048] Black has good play.} 34. Qc1 Ree8 35. Rb4 Rc7 36. Qb2 Rec8 37. Rc1 Qf8 38. g3 {[#]} (38. Qa1 $15) 38... Kg8 ({Black should play} 38... Rc6 $1 $17) 39. Kh2 {[#]} (39. Qa1 $15) 39... Rc6 $1 $17 40. Rc2 R8c7 41. Nf2 Qc8 {[%cal Rc6c3]} 42. Nd1 Nf6 43. Qb1 Nc4 44. Nxc4 Rxc4 ({But not} 44... dxc4 $6 45. Rcb2 $14) 45. Nf2 Ne4 (45... Kg7 $17 46. Rxc4 Rxc4) 46. Nxe4 {The position is equal.} fxe4 47. Rxc4 Rxc4 $11 {KQR-KQR} 48. Qb6 $1 {[#]} Rc6 $1 {[%mdl 512]} 49. Qb3 Rc4 50. Qb6 Rc6 51. Qb3 Rc4 52. Qb6 {Accuracy: White = 44%, Black = 55%.} 1/2-1/2

[Event "FIDE Chesscom Grand Swiss 2019"]
[Site "Douglas-Isle of Man"]
[Date "2019.10.15"]
[Round "7.12"]
[White "Keymer, Vincent"]
[Black "Motylev, Alexander"]
[Result "1/2-1/2"]
[WhiteElo "2506"]
[BlackElo "2651"]
[Annotator "RC"]
[PlyCount "141"]
[EventDate "2019.10.10"]
[EventType "swiss"]
[EventCountry "GBR"]
[SourceTitle "playchess.com"]
[Source "ChessBase"]
[SourceQuality "1"]
[TimeControl "40/6000+30:20/3000+30:900+30"]

1. Nf3 {[%emt 0:00:00]} d5 {[%emt 0:00:00]} 2. e3 {[%emt 0:00:00]} Nf6 {[%emt 0:01:23]} 3. c4 {[%emt 0:00:00]} e6 {[%emt 0:00:04]} 4. Nc3 {[%emt 0:00:00]} c6 {[%emt 0:01:20]} 5. b3 {[%emt 0:00:37]} Bd6 {[%emt 0:00:14]} 6. Bb2 {[%emt 0:00:05]} O-O {[%emt 0:00:25]} 7. h3 {[%emt 0:00:04]} b6 {[%emt 0:01:58]} 8. d4 {[%emt 0:00:11]} Nbd7 {[%emt 0:00:44]} 9. Bd3 {[%emt 0:00:17]} Bb7 {[%emt 0:00:48]} 10. O-O {[%emt 0:00:10]} c5 {[%emt 0:01:20]} 11. cxd5 {[%emt 0:00:19]} exd5 {[%emt 0:00:14]} 12. Rc1 {[%emt 0:06:35]} Rc8 {[%emt 0:04:10]} 13. Qe2 {[%emt 0:07:47]} Re8 {[%emt 0:08:02]} 14. Ba6 {[%emt 0:07:03]} Qc7 {[%emt 0:12:45]} 15. Rfd1 {[%emt 0:04:44]} Bf8 {[%emt 0:01:10]} 16. a4 {[%emt 0:15:43]} Qb8 {[%emt 0:04:48]} 17. Bxb7 {[%emt 0:04:23]} Qxb7 {[%emt 0:00:06]} 18. dxc5 {[%emt 0:01:37]} bxc5 {[%emt 0:11:07]} 19. Qb5 {[%emt 0:00:54]} Qxb5 {[%emt 0:00:38]} 20. axb5 {[%emt 0:09:00]} Nb6 {[%emt 0:06:40]} 21. Na4 {[%emt 0:03:10]} Nfd7 {[%emt 0:02:40]} 22. Ra1 {[%emt 0:06:17]} Re4 {[%emt 0:17:03]} 23. Nxb6 {[%emt 0:07:07]} Nxb6 {[%emt 0:00:07]} 24. Rxa7 {[%emt 0:07:27]} Rb4 {[%emt 0:00:27]} 25. Rb7 {[%emt 0:04:44]} Rxb5 {[%emt 0:02:26]} 26. Be5 {[%emt 0:02:30]} Rxb3 {[%emt 0:06:42]} 27. Bc7 {[%emt 0:04:45]} c4 {[%emt 0:03:59]} 28. Bxb6 {[%emt 0:03:19]} Rc6 {[%emt 0:04:03]} 29. Rxd5 {[%emt 0:04:46]} Rbxb6 {[%emt 0:06:09]} 30. Rxb6 {[%emt 0:00:15]} Rxb6 {[%emt 0:00:14]} 31. Rd8 {[%emt 0:02:07]} f6 {[%emt 0:07:06]} 32. Rc8 {[%emt 0:00:43]} Rb1+ {[%emt 0:01:07]} 33. Kh2 {[%emt 0:00:03]} Kf7 {[%emt 0:03:07]} 34. Rc7+ {[%emt 0:03:44]} Kg8 {[%emt 0:00:05]} 35. g3 {[%emt 0:01:29]} Rc1 {[%emt 0:01:16]} 36. Kg2 {[%emt 0:03:15]} Bd6 {[%emt 0:02:00]} 37. Rc8+ {[%emt 0:00:57]} Kf7 {[%emt 0:00:05]} 38. Nd2 {[%emt 0:00:29]} c3 {[%emt 0:00:35]} 39. Nb3 {[%emt 0:00:09]} Rc2 {[%emt 0:00:48]} 40. Nd4 {[%emt 0:00:08]} Rc1 {[%emt 0:00:38]} 41. Ne2 {[%emt 0:05:36]} Rc2 {[%emt 0:00:37]} 42. Kf1 {[%emt 0:03:51]} Bb4 {[%emt 0:02:04]} 43. Rc7+ {[%emt 0:00:23]} Kg8 {[%emt 0:01:30]} 44. Rc4 {[%emt 0:03:40]} Rb2 {[%emt 0:04:03]} 45. Nxc3 {[%emt 0:03:11]} Bxc3 {[%emt 0:00:43]} 46. Rxc3 {[%emt 0:00:05]} Rb5 {[%emt 0:01:55]} 47. Rc8+ {[%emt 0:04:01]} Kf7 {[%emt 0:00:12]} 48. Rc7+ {[%emt 0:00:06]} Kg6 {[%emt 0:00:12]} 49. Kg2 {[%emt 0:03:37]} h5 {[%emt 0:00:30]} 50. Rd7 {[%emt 0:01:03]} Rb2 {[%emt 0:01:15]} 51. Kf3 {[%emt 0:02:25]} Ra2 {[%emt 0:02:31]} 52. h4 {[%emt 0:01:07]} Rb2 {[%emt 0:02:34]} 53. Rd3 {[%emt 0:01:16]} Ra2 {[%emt 0:01:01]} 54. e4 {[%emt 0:00:13]} Rb2 {[%emt 0:00:58]} 55. Ke3 {[%emt 0:00:41]} Ra2 {[%emt 0:00:32]} 56. f4 {[%emt 0:02:56]} Ra4 {[%emt 0:01:19]} 57. Kf3 {[%emt 0:01:10]} Rb4 {[%emt 0:00:44]} 58. Ke3 {[%emt 0:03:50]} Ra4 {[%emt 0:01:05]} 59. f5+ {[%emt 0:01:38]} Kh7 {[%emt 0:02:29]} 60. Rd7 {[%emt 0:00:56]} Kh6 {[%emt 0:00:53]} 61. Rd6 {[%emt 0:18:09]} Kh7 {[%emt 0:15:37]} 62. Rd4 {[%emt 0:01:52]} Ra3+ {[%emt 0:02:27]} 63. Kf4 {[%emt 0:01:23]} Ra1 {[%emt 0:00:36]} 64. Rd7 {[%emt 0:02:44]} Kh6 {[%emt 0:01:51]} 65. Re7 {[%emt 0:00:23]} Ra4 {[%emt 0:01:32]} 66. Re6 {[%emt 0:01:10]} Kh7 {[%emt 0:00:56]} 67. Rb6 {[%emt 0:01:01]} Ra1 {[%emt 0:01:04]} 68. Rb3 {[%emt 0:00:45]} Ra4 {[%emt 0:03:38]} 69. Kf3 {[%emt 0:00:17]} Kh6 {[%emt 0:00:49]} 70. Re3 {[%emt 0:01:00]} Ra5 {[%emt 0:06:25]} 71. Rc3 {[%emt 0:02:22]} 1/2-1/2

[Event "FIDE Chesscom Grand Swiss 2019"]
[Site "Douglas-Isle of Man"]
[Date "2019.10.17"]
[Round "7.13"]
[White "So, Wesley"]
[Black "Ganguly, Surya Shekhar"]
[Result "1-0"]
[WhiteElo "2767"]
[BlackElo "2658"]
[Annotator "TA"]
[PlyCount "111"]
[EventDate "2019.10.10"]
[EventType "swiss"]
[EventCountry "GBR"]
[SourceTitle "playchess.com"]
[Source "ChessBase"]
[SourceQuality "1"]

{[%evp 12,111,19,16,25,13,22,6,28,25,28,18,30,19,10,19,11,11,19,9,4,0,22,16,24,14,31,30,72,70,72,59,68,57,76,58,86,61,64,64,59,59,59,61,124,131,133,125,133,131,131,122,135,129,122,129,124,115,90,76,77,69,120,127,97,62,539,536,364,309,309,309,309,309,535,301,1620,1591,1146,1344,838,568,29969,29968,29968,29952,29969,29971,29970,29971,29971,29972,29985,29986,29986,29987,29987,29988,29988,29988,29988,29988]} 1. e4 c5 2. Nf3 d6 3. Bb5+ Nd7 4. d4 cxd4 5. Qxd4 a6 6. Bxd7+ Bxd7 7. Nc3 Rc8 {B51: Sicilian: Moscow Variation (3 Bb5+) without 3...Bd7} 8. O-O e5 9. Qd3 h6 {The position is equal.} 10. Nd2 $146 ({Predecessor:} 10. a4 Nf6 11. Rd1 Be7 12. Nd2 Bg4 13. Re1 O-O 14. Nc4 Be6 15. Ne3 {0-1 (47) Czarnota,P (2546)-Navara,D (2727) Poland 2018}) 10... Qc7 11. Rd1 Bg4 12. Re1 Nf6 13. Nf1 Be6 14. Ne3 Be7 15. a4 O-O 16. Rd1 Rfd8 17. a5 Bf8 18. Bd2 g6 19. Be1 Qc5 20. Na4 Qc6 21. Nb6 Nxe4 22. Nxc8 Rxc8 23. c4 f5 {[%cal Re6c4]} 24. Bb4 Bxc4 25. Nxc4 Qxc4 26. Qxc4+ Rxc4 27. Ba3 $1 Kf7 (27... Nc5 $14) 28. Rac1 $36 {[%mdl 2048] White has strong initiative.} Ra4 29. f3 Nc5 30. Bxc5 $1 dxc5 {[%mdl 4096] Endgame KRR-KRB} 31. Rd7+ {[%mdl 64] [#] Double Attack} Kf6 32. Rxb7 Rxa5 33. Rb6+ Kg5 34. h4+ Kh5 35. Rc4 Rb5 36. Rxa6 Be7 (36... Rxb2 $14 37. g4+ Kxh4 38. gxf5+ (38. Rxg6 f4 $17) 38... Kg3 39. Rxg6+ Kxf3) 37. g4+ fxg4 38. Re6 (38. fxg4+ $6 Kxh4 39. Re6 (39. Rxg6 Bg5 $11) 39... Bg5 $11) 38... Bxh4 $2 {[%mdl 8192]} ({Black should try} 38... Bd8 $1 $14) 39. Rxe5+ $18 g5 40. fxg4+ Kg6 41. Rexc5 ({Don't take} 41. Rcxc5 Rb6 $18) 41... Rxb2 {and if ...Bf2+ works, Black does fine.} 42. Rc6+ Kg7 $2 (42... Kf7 43. Rxh6 Kg7) 43. Rd6 Rb1+ $2 (43... Rb7 44. Rcc6 Kf8 45. Rf6+ (45. Rxh6 Rb4 $16) 45... Kg8 46. Rg6+ (46. Rxh6 Rb4 $16) 46... Kf7 47. Rcf6+ (47. Rxh6 Rb4 $18) 47... Ke8) 44. Kg2 {[#] Intending Rc7+ and mate.} Rb2+ 45. Kf3 {White wants to mate with Rc7+.} Rf2+ 46. Ke3 Rf6 47. Rc7+ {White mates.} Kg6 48. Rxf6+ Kxf6 {KR-KB} 49. Ke4 Bf2 50. Rc6+ Kg7 51. Kf5 h5 52. gxh5 Kh7 53. h6 Be3 54. Kg4 Bf4 55. Re6 Bd2 56. Kh5 {Accuracy: White = 96%, Black = 28%.} 1-0